|
|
|
|
| LEADER |
00000cam a2200000 4500 |
| 001 |
000071271 |
| 003 |
OCoLC |
| 005 |
20060423065715.0 |
| 008 |
031120s1974 mx 001-0 spa d |
| 020 |
|
|
|a 9682403421
|
| 040 |
|
|
|a NPL
|c NPL
|d OCL
|
| 041 |
1 |
|
|a spa
|h eng
|
| 050 |
|
4 |
|a HN8
|b P2.88
|
| 082 |
0 |
0 |
|a 301
|b P254, 1974
|
| 090 |
|
|
|a HN8
|b P2.88
|
| 099 |
|
|
|a HN8
|a .P3718
|
| 100 |
1 |
|
|a Parsons, Talcott,
|d 1902-1979
|
| 240 |
1 |
0 |
|a System of modern societies.
|l Spanish
|
| 245 |
1 |
3 |
|a El sistema de las sociedades modernas /
|c Talcott Parsons ; traducción, Agustin Contin ; revisión tecnica, Miguel Salas Sanchez.
|
| 250 |
|
|
|a 1a ed.
|
| 260 |
|
|
|a México :
|b Trillas,
|c 1974.
|
| 300 |
|
|
|a 199 p. ;
|c 23 cm.
|
| 440 |
|
0 |
|a Temas fundamentales de sociología moderna
|
| 500 |
|
|
|a Translation of: The system of modern societies.
|
| 650 |
|
0 |
|a Social history.
|
| 650 |
|
0 |
|a Social systems.
|
| 650 |
|
0 |
|a Social evolution.
|
| 650 |
|
4 |
|a Evolución cultural
|
| 650 |
|
4 |
|a Sistemas sociales
|
| 650 |
|
4 |
|a Historia social
|
| 710 |
1 |
|
|a Contin, Agustin,
|e tr.
|
| 700 |
1 |
|
|a Parsons, Talcott,
|d 1902-1979
|t Sistema de las sociedades modernas.
|
| 905 |
|
|
|a LIBROS
|
| 949 |
|
|
|a Biblioteca UAM Iztapalapa
|b Colección General
|c HN8 P2.88
|